Statistics for Harry Potter and the Philosopher's Stone Trivia

Click here to take the quiz!

General Stats

  • This quiz has been taken 62 times
  • The average score is 8 of 14

Answer Stats

QuestionAnswer% Correct
How many points did she take from each person?50
84%
Before going through the trapdoor which dog does the trio encounter?Fluffy
84%
What year does the book take place?1991
82%
In the book, who joins Harry in his first detention?Neville/Hermione/Draco Malfoy
82%
Who gave him this detention?Minerva McGonagall
80%
Which plant do they fall onto when going through the trapdoor?Devil's Snare
70%
Name one of Harry's best friend's middle namesJean/Bilius
68%
And this was which teacher's obstacle?Pomona Sprout
68%
What is the second book called?Harry Potter and the Chamber of Secrets
61%
What is the first chapter of the book called?The Boy Who Lived
59%
What is Madam Pomfrey's first name?Poppy
57%
Unscramble this character's name: LEDDERBOUMDUMBLEDORE
30%
What was Snape's obstacle?A potion riddle
18%
Why were these obstacles put in place?The philosopher's stone
5%

Score Distribution

Percentile by Number Answered

Percent of People with Each Score

Your Score History

You have not taken this quiz